00495nam a2200193 a 4500001001300000003000900013005001700022008004100039020000900080082001500089100002200104245002100126260005300147300000900200500003500209505001300244650002200257700002200279nice12345678IN_TiNIC20260116011655.0050524s1979 mada grp 000 0 eng  ac1500a294.6bWEB aWebster, John C B aNirankari Slikhs aMadrasbChristian Institue of Sikh Studiesc1979 a104p aincludes index and biblioraphy2 aappendix aSikhism-Nirankari1 aWebster, John C B